[Event "Gashimov Memorial-A 1st"]
[Site "Shamkir"]
[Date "2014.04.20"]
[Round "1"]
[White "Karjakin, Sergey"]
[Black "Radjabov, Teimour"]
[Result "1/2-1/2"]
[WhiteElo "2772"]
[BlackElo "2713"]
[Annotator "Negi,P"]
[PlyCount "107"]
[EventDate "2014.04.20"]
[EventType "tourn"]
[EventRounds "10"]
[EventCountry "AZE"]
[EventCategory "22"]
[SourceTitle "CBM 160"]
[Source "ChessBase"]
[SourceDate "2014.05.15"]
[SourceVersion "1"]
[SourceVersionDate "2014.05.15"]
[SourceQuality "1"]

1. e4 e6 {Possibly a surprise already. Radjabov played the French for a long
time in his youth, but we haven't seen him go for it much in recent years.} 2.
d4 d5 3. Nd2 c5 4. exd5 Qxd5 5. Ngf3 cxd4 6. Bc4 Qd6 7. O-O Nf6 8. Nb3 Nc6 9.
Nbxd4 Nxd4 10. Nxd4 a6 11. Re1 Qc7 {The heavily theoretical position - and now
White has the first major diverging choices.} 12. Qe2 (12. Bb3 {was the
classical main line.} Bd6 13. Nf5 Bxh2+ 14. Kh1 O-O 15. Nxg7 Rd8 16. Qf3 Kxg7
17. Bh6+ Kg6 {is an insanely complicated line where the debate is still going
on - but players with White don't seem as confident anymore. The latest game
was:} 18. c3 Nh5 19. Be3 f5 20. g4 Nf6 21. gxf5+ exf5 22. Rg1+ Bxg1 23. Rxg1+
Ng4 $17 {0-1 (31) Laznicka,V (2681)-Lupulescu,C (2643) Yerevan 2014}) 12... Bc5
$5 (12... Bd6 {leads to much messier positions after} 13. Bg5 O-O 14. Bxf6 (14.
Bd3 {allows Black the extra option of ...Nd5 besides ...Bh2 as well.}) 14...
gxf6 15. Bd3 Bxh2+ $1 (15... f5 {seems safer, but I think White gets an easier
initiative here:} 16. Qh5 Be5 17. c3 Kh8 18. Re3 $14 (18. Nf3 Bg7 19. g4 Qf4
20. gxf5 $14 {1/2-1/2 (62) Kamsky,G (2741)-Lou,Y (2484) Tromso 2013})) 16. Kf1
(16. Kh1 Bf4 17. Qh5 f5 18. g4 Rd8 19. Nf3 Qc6 20. gxf5 exf5 21. Re7 {1/2-1/2 
(21) Fercec,N (2460)-Saric,A (2513) Pula 2012}) 16... Bf4 17. g3 Rd8 $1 18. c3
(18. Qe4 f5 19. Nxf5 exf5 20. Qxf4 Qxf4 21. gxf4 Kg7 $11 {seems drawish}) 18...
Bh6 $1 19. Qh5 Bg7 20. Bxh7+ Kf8 $11 {1-0 (47) Giri,A (2552)-Wiedenkeller,M 
(2434) Ohrid 2009; and Black is extremely safe.}) 13. c3 b5 (13... h6 14. Nf5
$1 {is horribly dangerous for Black.} O-O (14... Kf8 15. Nd4 $14) 15. Nxh6+
gxh6 16. Bxh6 Be7 17. Rad1 Rd8 (17... e5 18. Bxf8 Kxf8 19. Qxe5 $16 {1-0 (71)
Gyger,T (2396)-Volovici,D (2489) ICCF 2009}) 18. Rxd8+ Bxd8 19. Rd1 {White
gets a dangerous slow initiative.} Kh7 20. Bg5 Be7 21. Rd4 Kg8 22. Bh6 e5 23.
Qe3 Ng4 24. Qg3 Bf8 25. Rxg4+ Bxg4 26. Qxg4+ Kh8 27. Bg5 Bg7 28. h4 $18 {
1-0 (50) Siefring,C (2349)-Woznica,M (2261) ICCF 2010}) (13... O-O 14. Bg5 {
gives White a better version compared to 13...b5 and 14...0-0.}) 14. Bb3 (14.
Bd3 O-O 15. Bg5 Nd5 $1 {White wanted to avoid this move with Bb3.} 16. Qh5 g6
17. Qh4 Be7 18. Bxe7 Qxe7 19. Qxe7 Nxe7 20. a4 b4 21. cxb4 Rd8 22. Be4 Rb8 23.
Nc2 Bb7 $11 {0-1 (51) Azarov,S (2603)-Fridman,D (2604) Riga 2014}) 14... O-O
15. Bg5 Bb7 (15... Nd5 16. Bxd5 exd5 17. Rad1 {is slightly unpleasant for
Black.}) 16. Bxf6 (16. Rad1 Ne4 {doesn't seem too impressive for white.}) 16...
gxf6 17. Qh5 Bxd4 $146 {A novelty, but I am not sure if it was a prepared one.}
({The critical move seems to be} 17... Kh8 $1 {which leads to a pawn sacrifice
after} 18. Qh6 Rg8 19. Qxf6+ Rg7 20. g3 Be7 21. Qe5 Bd6 22. Qe2 (22. Qf6 Be7 {
was drawn in a correspondence game}) 22... Rag8 23. Kf1 {This is probably the
key position to analyse further. It's possible that Karjakin analysed it in
sufficient depth and felt White can try... but my impression is that Black
should just have excellent compensation after} Rg6 $44) 18. cxd4 Qf4 19. Re3
Be4 {Black manages to keep his kingside safe, but here White could get a one
sided edge.} 20. g3 (20. d5 $1 Bg6 (20... exd5 21. Bxd5 Bxd5 22. Qxd5 {will be
suffering as well}) 21. Qe2 (21. Qf3 Qxf3 22. Rxf3 exd5 23. Bxd5 Rad8 24. Bb3
Rd2 $11) 21... exd5 22. Bxd5 Rad8 23. g3 $14 {It's clear that only White can
continue trying here, although Black is close to equality.}) 20... Qf5 21. Qxf5
(21. Qe2 Bd5 22. Bc2 Qh3 $11) 21... Bxf5 22. g4 Bg6 23. f4 f5 24. g5 {White
was obviously hoping to exploit the g6-bishop - but there doesn't seem to be
any easy way to punish Black for the temporary misplacement.} Kg7 (24... Rad8
25. d5 exd5 26. Rd1 d4 27. Red3 {and the bishop on g6 seems worrying here.})
25. Rd1 h6 26. gxh6+ Kxh6 27. Kf2 Kg7 28. d5 exd5 29. Rxd5 Rae8 30. Rxe8 Rxe8 {
White seems to have a more pleasant endgame, but it's possibly just a visual
edge. As we see in the game, Radjabov made a draw with surprising ease. Or
perhaps, it's only Magnus who can win such endgames.} 31. Bc2 Rh8 32. Kg3 Re8
$1 {The typical idea - it's hard to deal with such an active rook. White had
to try} 33. Rd2 Re3+ 34. Kf2 Rh3 {but now the rook is even more active.} 35.
Kg2 Re3 36. Kf2 Rh3 37. Ke1 Bh5 {There was no need to sacrifice the pawn.} (
37... Rh4 38. Rf2 Kf6 $1 {Black could have brought out his own king on time.}
39. Kd2 Ke6 40. Kc3 Kd5 41. Kb4 {was perhaps what Black was worried about -
but the black king's activity sems to give him enough counterplay} Kd4 $1) (
37... b4 {was perhaps the easiest. There is no easy way for White to improve.})
38. Bxf5 Re3+ 39. Kf1 b4 {It's hard to actually convert this extra pawn, but
there were definitely better tries...} 40. Bd3 (40. Kg2) (40. Bc8 Re4) 40...
Rf3+ 41. Kg2 Rxf4 42. Bxa6 f5 43. Rf2 Rg4+ 44. Kf1 Rh4 45. Be2 Bf7 46. Bd3 f4
47. a4 bxa3 48. bxa3 Rh3 49. Rd2 Be8 50. Ke1 Kf6 51. Kd1 Ke5 52. Re2+ Kd4 53.
Bf5 Ba4+ 54. Kd2 1/2-1/2

[Event "Gashimov Memorial-A 1st"]
[Site "Shamkir"]
[Date "2014.04.23"]
[Round "4"]
[White "Radjabov, Teimour"]
[Black "Nakamura, Hikaru"]
[Result "1/2-1/2"]
[WhiteElo "2713"]
[BlackElo "2772"]
[Annotator "Sumets,A"]
[PlyCount "133"]
[EventDate "2014.04.20"]
[EventType "tourn"]
[EventRounds "10"]
[EventCountry "AZE"]
[EventCategory "22"]
[SourceTitle "CBM 160"]
[Source "ChessBase"]
[SourceDate "2014.05.15"]
[SourceVersion "1"]
[SourceVersionDate "2014.05.15"]
[SourceQuality "1"]

1. d4 d5 2. c4 c6 3. Nf3 Nf6 4. e3 Bg4 5. Qb3 Qb6 6. Nc3 e6 7. Nh4 Bh5 (7...
Be7 8. h3 Bh5 9. g4 Bg6 10. Nxg6 hxg6 11. Bg2 g5 12. Bd2 Nbd7 13. Qa4 dxc4 (
13... Qc7 14. cxd5 exd5 15. Qc2 Nb6 (15... O-O-O $5 16. O-O-O Kb8 17. Kb1 Nf8
18. e4 Nxe4 19. Nxe4 dxe4 20. Qxe4 Ng6 $11) 16. b3 a5 17. Rc1 Qd7 18. Ne2 Bd6
19. a4 Qe6 20. f3 Bb4 (20... Ba3 $5 21. Rd1 Bb4) 21. Bxb4 axb4 22. Kf2 $14 {
Tomashevsky,E (2708)-Sjugirov,S (2612) Moscow 2009 1-0 (77)}) 14. Qxc4 Nd5 15.
O-O-O Nxc3 16. Bxc3 Nf6 17. e4 Rd8 18. Rd3 O-O 19. Kb1 Rd7 20. Bd2 Rfd8 21. Be3
Qa5 22. Rhd1 c5 $11 {Grachev,B (2668)-Potkin,V (2626) Irkutsk 2010 0-1 (80)})
8. h3 g5 (8... Be7 {see 7...Be7}) (8... Nbd7 9. g4 Bg6 10. g5 Ng8 11. Nxg6 hxg6
12. Qc2 Ne7 13. Bd2 Nf5 14. cxd5 cxd5 15. Nb5 Bd6 16. Qa4 a6 17. Rc1 Ke7 18.
Nxd6 Nxd6 $11 {Carlsen,M (2776)-Movsesian,S (2751) Wijk aan Zee 2009 1/2 (39)})
9. Nf3 (9. g4 gxh4 10. gxh5 Na6 (10... Qxb3 11. axb3 Na6 12. c5 Nc7 13. b4 a6
$11) 11. Bd2 Rg8 12. O-O-O Qxb3 13. axb3 Ne4 14. Nxe4 dxe4 15. Be2 Bb4 $11 {
Postny,E (2595)-Sandipan,C (2641) Germany 2010 0-1 (42)}) 9... h6 (9... Bxf3
10. gxf3 h6 11. Bd2 Nbd7 12. Qc2 Qc7 13. O-O-O Be7 14. Kb1 a6 15. e4 dxc4 16.
Bxc4 (16. h4 $1 gxh4 17. Bxc4 $16) 16... O-O-O 17. Be3 c5 18. d5 Nb6 19. Bb3
exd5 20. exd5 $14 {Grachev,B (2680)-Tischbierek,R (2436) Biel 2011 1-0 (39)})
10. Bd3 (10. c5 {An interesting side line. Maybe it will soon be the
fashionable line.} Qc7 (10... Qxb3 11. axb3 Bg7 12. b4 $14) 11. Bd3 Rg8 12. Qc2
Nbd7 13. b4 Bg6 14. Bxg6 Rxg6 15. Bb2 (15. a4 $5 h5 16. e4 Nxe4 17. Nxe4 dxe4
18. Qxe4 $14) 15... h5 16. Ne2 $6 (16. h4 $5 g4 17. Ng5) 16... g4 17. Ne5 Nxe5
18. dxe5 Nd7 19. hxg4 Rxg4 20. Nf4 Nxe5 21. Rxh5 {1/2 (21) Eljanov,P (2761)
-Sandipan,C (2641) Plovdiv 2010. It seems to me that Black could continue
playing:} Nc4 22. Bf6 Rxf4 $1 23. exf4 Qxf4 $44) ({Once Alexander Morozevich
played} 10. g4 Bg6 11. h4 Qxb3 12. axb3 Rg8 (12... Na6 $5 13. c5 (13. hxg5 Nb4
14. Ra4 Nxg4 15. c5) 13... Nb4 14. Ra4 a5 $13) 13. hxg5 hxg5 14. c5 Nxg4 15. b4
$5 (15. Nxg5 Bc2 16. f4 Bxb3 17. Ra3 Bc2 18. e4 $44) 15... f6 16. b5 cxb5 17.
Rg1 Nh6 18. Nxb5 Kd7 19. Rxa7 Rxa7 20. Nxa7 Nc6 21. Nxc6 bxc6 $11 {Morozevich,
A (2771)-Smeets,J (2601) Wijk aan Zee 2009 1-0 (49)}) ({Another popular line is
} 10. Ne5 Nfd7 11. Nd3 Na6 12. h4 Bg7 13. Qa4 dxc4 14. Qxc4 Bg6 15. Bd2 Nc7 16.
g3 a5 (16... e5 17. dxe5 Nxe5 18. Nxe5 Bxe5 19. Bd3 Bxd3 20. Qxd3 Ne6 21. O-O-O
$14) (16... O-O-O $5 17. Bg2 Kb8 18. Na4 Qa6 $11) 17. hxg5 hxg5 18. Rxh8+ Bxh8
19. Bg2 Qa6 20. Qxa6 Rxa6 21. Ne4 Bxe4 22. Bxe4 $16 {Giri,A (2717)-Zontakh,A 
(2556) Sochi 2012 1-0 (31)}) 10... Nbd7 11. g4 (11. Qc2 {threatening g4} Rg8
12. Bd2 Qc7 13. cxd5 exd5 14. g4 Bg6 15. Bf5 Bd6 16. h4 Nxg4 17. hxg5 hxg5 18.
Nxg5 Qd8 19. f4 Qf6 20. Bxg6 (20. Nge4 $5 dxe4 21. Bxg4 Bxf4 $1 22. O-O-O $44)
20... Rxg6 21. Rf1 (21. O-O-O $1 Nf2 22. Rh7 Nxd1 23. Rxf7 Nxc3 24. Rxf6 Nxa2+
25. Kb1 Rxf6 26. Kxa2 $14) 21... Nh2 $11 {Stefanova,A (2557)-Cramling,P (2548)
Istanbul 2009 0-1 (70)}) 11... Qxb3 12. axb3 Bg6 13. Bxg6 fxg6 14. Ke2 Bg7 15.
Bd2 O-O 16. Be1 $146 (16. Rag1 {the straightforward approach} Ne4 17. Be1 e5 $5
18. cxd5 Nxc3+ $6 (18... cxd5 19. Nxd5 exd4 20. Nxd4 Rae8 21. Nb5 Ne5 {
threatening ...Nf3} 22. Nd4 Nd7 $11) 19. Bxc3 e4 20. Ne5 Nxe5 21. dxe5 cxd5 22.
Rd1 $14 {Cmilyte,V (2511)-Muzychuk,A (2593) Dilijan 2013 0-1 (68)}) 16... a6
17. h4 gxh4 $8 ({Black can't play} 17... Nxg4 $2 {due to the simple line} 18.
hxg5 h5 (18... hxg5 19. Nxg5) 19. Nh4 Kf7 20. f3 $18) 18. g5 (18. Rxh4 $2 g5
19. Rh1 Nxg4 $17) 18... hxg5 19. Nxg5 Rfe8 $1 (19... Rae8 {looks more natural
but after} 20. Rxh4 e5 21. dxe5 Nxe5 22. cxd5 cxd5 23. Rd1 {Black can't
protect his pawn} Nf7 24. Nh3 (24. Nxf7 $6 Rxf7 25. Nxd5 Nxd5 26. Rxd5 Bxb2 $11
) 24... Rc8 25. Rb4 b5 26. Nf4 $16) 20. Rxh4 e5 21. cxd5 cxd5 22. Rd1 Rad8 ({
Black can't close the centre with} 22... e4 $2 {because of the following lines:
} 23. Bd2 Rac8 (23... b5 24. Rg1 b4 25. Na4 a5 26. Nh3 Kf7 27. Nf4 Nf8 28. Nc5
$16) (23... Nf8 24. Rg1 Red8 25. Nh3 Kf7 26. Nf4 Rac8 27. b4 $16) 24. Rg1 Rc6
25. Nh3 Nf8 26. Nf4 $16) 23. Nf3 $5 {Teimour still wants to provoke e4.} (23.
dxe5 Nxe5 24. Na4 Rc8 25. Bc3 {It seems that due to the isolated pawn White
gets something of an edge, however if we continue this line, we'll see that
after} Ned7 {Black threatens b5 and White has nothing better than an equal
game after} 26. Bd4 Rc2+ 27. Rd2 Rxd2+ 28. Kxd2 Ne4+ 29. Nxe4 dxe4 $11) 23...
exd4 {Hikaru insists on playing with the isolated pawn on d5.} ({I don't see
anything bad for Black after} 23... e4 24. Ng5 Nf8 25. Bd2 Ne6 26. Nxe6 Rxe6
27. Na4 Rc6 28. Nc5 Rb8 29. Rg1 Kf7 $11 {with a very solid position.}) 24.
Rhxd4 Nb6 25. Rb4 Rd6 26. Na4 $1 {Of course he improves his pawn structure if
he can do it.} Nxa4 27. bxa4 Re7 28. Bc3 $2 {I think that after 28.Bc3 White
lost most of all his advantage.} (28. Rc4 $1 Rd8 29. Ba5 Rde8 30. Rc2 Rd7 31.
Rcd2 $14 {Black has to do some unpleasant work to save the game.}) 28... Ne4
29. Bxg7 Kxg7 30. Nd2 Rc6 31. Nxe4 dxe4 32. Rdd4 (32. Rd2 {Probably Radjabov
shouldn't have traded rooks, but even in this case I don't think that he would
get good chances to win.} Rc1 33. Rb6 Kf7 34. Rd4 Rc2+ 35. Kf1 Kg7 36. Rdb4
Rcc7 (36... Rf7 37. Rxb7 Rcxf2+ 38. Ke1 Rh2 39. R4b6 a5 $11)) 32... Rc2+ 33.
Rd2 Rxd2+ 34. Kxd2 {White has some chances to win, but objectively the
position is completely drawish. White can't win the pawn on e4 because he has
his own weakness on f2. Nevertheless Black has to play precisely.} Kf6 35. Rb6+
Kf5 36. Ke2 Rc7 37. Kf1 Rd7 38. Kg2 Rf7 (38... g5 $1 {I think that this is the
most reliable setup for Black is connected with the pawn on g5.} 39. Kg3 Re7
40. b4 Rc7 41. a5 (41. b5 a5) 41... Re7 42. b5 axb5 43. Rxb5+ Re5 $11) 39. b4
Kg5 40. a5 Re7 41. Kg3 Rf7 42. Re6 Kf5 43. Rd6 Re7 {Hikaru Nakamura calculated
the pawn endgame till the end. Let's check it.} 44. Rb6 (44. Rd5+ Re5 (44...
Ke6 $2 45. Rg5 Kf6 46. Kf4) 45. Rxe5+ Kxe5 46. Kg4 Kd5 47. Kg5 (47. Kf4 Kc4 48.
Kxe4 Kxb4 49. Kd5 Kxa5 50. e4 b5 51. e5 b4 52. Kc4 Kb6 (52... Ka4 $2 53. e6 b3
54. e7 b2 55. e8=Q+ $18) 53. Kxb4 Kc6 54. f4 Kd5 55. Ka5 g5 $11) 47... Kc4 48.
Kxg6 Kxb4 49. Kf5 Kxa5 50. Kxe4 b5 51. f4 Kb6 52. f5 Kc6 $11) 44... Rf7 45. b5
axb5 46. Rxb5+ Ke6 47. Kg4 Rxf2 48. Rxb7 Rf5 49. a6 Ra5 50. Rb6+ Kf7 (50... Ke5
{seems to me a less difficult way to save the game than 50...Kf7.} 51. Rxg6 Ra1
52. Rc6 Rg1+ 53. Kh5 Ra1 54. Kg6 Ra3 $11) 51. Kf4 g5+ {Black is forced to give
up the e4-pawn. Any avarice could be punished.} (51... Ra4 $2 52. Ke5 Kg7 53.
Kd5 g5 54. Kc6 g4 55. Kb7 g3 56. Rb2 Ra1 57. Rg2 Rb1+ 58. Ka8) 52. Kxe4 g4 53.
Kf4 Ra4+ 54. Kg3 Re4 (54... Kg7 55. Rb7+ Kf6 56. Ra7 Ra3 57. Kxg4 Rxe3 58. Kf4
Ra3) 55. Rb8 Rxe3+ 56. Kxg4 Ra3 57. Ra8 {Black has to play precisely.} Ra5 $1 {
Of course Nakamura knows such rook endings.} 58. Kf4 Kg7 59. Ke4 Rb5 60. Ra7+
$1 {A little trap.} Kg6 $8 (60... Kf6 $4 61. Kd4 Rb6 62. Rh7 $1 Kg6 63. a7 Ra6
64. Rb7 Ra5 65. Kc4 Kf6 66. Kb4 $18) (60... Kh6 $4 61. Rc7 Ra5 62. a7 Kg6 63.
Kd4 Kf6 64. Kc4 Ke6 65. Kb4 Ra1 66. Kb5 $18) 61. Kd4 (61. Rb7 Ra5 62. a7 Kf6
63. Kd4 Ke6 64. Kc4 Kd6 65. Kb4 Kc6 $11) 61... Rb6 $11 62. Ke5 Rc6 63. Ra8 Kg7
64. Ra7+ Kg6 65. Re7 Rxa6 66. Re6+ Rxe6+ 67. Kxe6 1/2-1/2